[Event "Reykjavik Open"]
[Site "Reykjavik ISL"]
[Date "2017.04.21"]
[EventDate "2017.04.19"]
[Round "4.44"]
[Result "1/2-1/2"]
[White "Bardur Orn Birkisson"]
[Black "Garg Aradhya"]
[WhiteElo "2146"]
[BlackElo "2315"]
[PlyCount "84"]

1. d4 Nf6 2. Nf3 d5 3. Bf4 c5 4. e3 Nc6 5. c3 Qb6 6. Qb3 c4
7. Qxb6 axb6 8. Na3 Bf5 9. Nh4 Bd7 10. Be2 Ne4 11. Nc2 g5
12. f3 Nxc3 13. bxc3 gxf4 14. exf4 b5 15. Kf2 e6 16. Rhb1 Ra5
17. g3 Bd6 18. Ng2 Kd8 19. Nge3 Kc7 20. f5 Rha8 21. Rb2 Ne7
22. fxe6 fxe6 23. f4 Nc8 24. Ke1 Nb6 25. Kd2 Na4 26. Rbb1 Nb6
27. Rb2 h5 28. Ng2 Be8 29. Bf3 Na4 30. Rbb1 Bg6 31. Nge3 Nb6
32. Rb2 h4 33. Bg4 hxg3 34. hxg3 Bf7 35. Rh1 Kd7 36. Rh7 Ke8
37. Rh8+ Ke7 38. Rxa8 Nxa8 39. Bf3 Nb6 40. Ng2 Bg6 41. Nge3
Bh7 42. Bg2 Kf7 1/2-1/2

[Event "Reykjavik Open"]
[Site "Reykjavik ISL"]
[Date "2017.04.21"]
[EventDate "2017.04.19"]
[Round "4.51"]
[Result "1-0"]
[White "Rajdeep Sarkar"]
[Black "Olafur Kristjansson"]
[WhiteElo "2273"]
[BlackElo "2102"]
[PlyCount "93"]

1. d4 Nf6 2. Nf3 g6 3. g3 Bg7 4. Bg2 O-O 5. O-O d6 6. c4 Nbd7
7. Nc3 a6 8. e4 c5 9. Re1 cxd4 10. Nxd4 Nc5 11. h3 Bd7 12. Be3
Rb8 13. Qe2 Na4 14. Nxa4 Bxa4 15. b3 Bd7 16. Rad1 Qc8 17. Kh2
b5 18. Rc1 bxc4 19. Rxc4 Qd8 20. Nc6 Bxc6 21. Rxc6 a5 22. Qa6
Nd7 23. Rec1 Bb2 24. Rd1 Ra8 25. Qe2 Ba3 26. f4 Rc8 27. e5
Rxc6 28. Bxc6 Qc7 29. Bb5 Rd8 30. Qc4 Qxc4 31. Bxc4 Nc5
32. Kg2 Kf8 33. Kf3 a4 34. bxa4 Nxa4 35. Rd5 Rc8 36. Bb3 Nc5
37. exd6 exd6 38. Rxd6 Nxb3 39. Rd3 Bc1 40. axb3 Bxe3 41. Kxe3
Rc2 42. Kd4 Ke7 43. b4 h5 44. Rb3 h4 45. gxh4 Ke6 46. b5 Kf5
47. b6 1-0

[Event "Reykjavik Open"]
[Site "Reykjavik ISL"]
[Date "2017.04.21"]
[EventDate "2017.04.19"]
[Round "4.52"]
[Result "1-0"]
[White "Christian Tunge"]
[Black "Laurence E Webb"]
[WhiteElo "2055"]
[BlackElo "2271"]
[PlyCount "149"]

1. c4 e5 2. g3 Nc6 3. Bg2 f5 4. Nc3 Nf6 5. e3 g6 6. Nge2 Bg7
7. d3 d6 8. Rb1 O-O 9. O-O g5 10. f4 gxf4 11. exf4 Kh8 12. b4
Qe8 13. Nd5 Qf7 14. b5 Nd8 15. Bb2 Nxd5 16. Bxd5 Be6 17. Bg2
a6 18. a4 axb5 19. axb5 e4 20. Bxg7+ Qxg7 21. Rc1 exd3
22. Qxd3 Ra2 23. Nd4 Bd7 24. Rfe1 Qf6 25. Re3 Ne6 26. Nxe6
Bxe6 27. Bxb7 Ra1 28. Rce1 Rxe1+ 29. Rxe1 Bd7 30. Rd1 Be6
31. Bd5 Bxd5 32. Qxd5 Re8 33. Qd4 Kg7 34. Kf2 Ra8 35. Qxf6+
Kxf6 36. b6 Ke6 37. bxc7 Rc8 38. Ke3 Rxc7 39. Kd4 Ra7 40. Re1+
Kf7 41. Re2 Ra1 42. Rb2 Rd1+ 43. Kc3 h5 44. Rb7+ Kf6 45. Rh7
Kg6 46. Rd7 h4 47. gxh4 Rc1+ 48. Kb4 Rb1+ 49. Ka5 Rd1 50. Kb5
Kh5 51. Rg7 d5 52. c5 Rb1+ 53. Kc6 d4 54. Rg5+ Kxh4 55. Rxf5
Kg4 56. Rd5 Kxf4 57. Rxd4+ Ke5 58. Rd2 Re1 59. Kc7 Ke6 60. c6
Ke7 61. Rd5 Ke6 62. Rh5 Ke7 63. h4 Ke8 64. Rh7 Rc1 65. Rh5 Re1
66. Rg5 Re7+ 67. Kb8 Re1 68. h5 Rb1+ 69. Kc7 Ke7 70. Re5+ Kf6
71. Rc5 Ke7 72. Rc2 Re1 73. Rh2 Ke8 74. h6 Re7+ 75. Kb8 1-0

[Event "Reykjavik Open"]
[Site "Reykjavik ISL"]
[Date "2017.04.21"]
[EventDate "2017.04.19"]
[Round "4.53"]
[Result "1-0"]
[White "Franck Guezennec"]
[Black "Lars Vistisen"]
[WhiteElo "2271"]
[BlackElo "2097"]
[PlyCount "137"]

1. e4 e5 2. Nf3 Nc6 3. Bc4 Nf6 4. d3 Be7 5. c3 O-O 6. Nbd2 d6
7. Bb3 Kh8 8. O-O Ng8 9. d4 f5 10. d5 Nb8 11. exf5 Bxf5
12. Bc2 Nd7 13. Bxf5 Rxf5 14. Ne4 Qe8 15. Qd3 Qg6 16. Ng3 Rf6
17. Qe2 Rf7 18. Be3 Nh6 19. Qb5 Nb6 20. a4 Rb8 21. a5 a6
22. Qb3 Nc8 23. Ra4 Ng4 24. Bc1 b5 25. axb6 Nxb6 26. Rxa6 Qd3
27. Ra4 Rxf3 28. gxf3 Qxf3 29. Qb4 Nf6 30. c4 Qg4 31. f3 Qg6
32. Kh1 Nbd7 33. Qa3 Nc5 34. Ra8 Rxa8 35. Qxa8+ Ng8 36. Qc8
Qc2 37. Be3 Nd3 38. b3 Qxb3 39. Qxc7 Nb2 40. Qb6 Qxb6 41. Bxb6
Nxc4 42. Ba7 g6 43. Rc1 Nb2 44. Ne4 Nd3 45. Rd1 Nf4 46. Bb8
Kg7 47. Nxd6 Nf6 48. Ne8+ Kf7 49. Nxf6 Bxf6 50. Bc7 Nh3
51. Kg2 Nf4+ 52. Kf1 h6 53. d6 Ne6 54. Rc1 Bd8 55. Bxd8 Nxd8
56. d7 Ke7 57. Rd1 Ne6 58. Rd5 Kd8 59. Rd6 Nf4 60. Kf2 h5
61. Ke3 Ng2+ 62. Ke4 Nh4 63. Rd3 g5 64. Kxe5 Ng6+ 65. Kf5 Nf4
66. Rd2 Nh3 67. Rd1 g4 68. fxg4 hxg4 69. Rf1 1-0

[Event "Reykjavik Open"]
[Site "Reykjavik ISL"]
[Date "2017.04.21"]
[EventDate "2017.04.19"]
[Round "4.61"]
[Result "1-0"]
[White "Frank Buchenau"]
[Black "Anders Persson"]
[WhiteElo "2275"]
[BlackElo "2078"]
[PlyCount "139"]

1. e4 c5 2. Nf3 d6 3. Bb5+ Bd7 4. Bxd7+ Nxd7 5. O-O Ngf6
6. Qe2 e6 7. d4 cxd4 8. Nxd4 Be7 9. c4 O-O 10. Nc3 a6 11. b3
Rc8 12. Bb2 Qc7 13. f4 Rfe8 14. Rae1 g6 15. e5 Nh5 16. Qe4 Ng7
17. g4 f5 18. exf6 Bxf6 19. Qd3 Bxd4+ 20. Qxd4 Qc5 21. Qxc5
Nxc5 22. Rd1 Rc6 23. b4 Nd7 24. Ne4 d5 25. cxd5 exd5 26. Rxd5
Nb6 27. Re5 Rxe5 28. Bxe5 Nd7 29. Bc3 Rc4 30. Rd1 Rxe4
31. Rxd7 Ne6 32. Re7 Rc4 33. Be5 Nxf4 34. Rg7+ Kf8 35. Rc7
Rxc7 36. Bxc7 Nd5 37. Bd6+ Kf7 38. a4 Nc3 39. a5 Ke6 40. Bf8
Kd5 41. Kf2 Kc4 42. Kg3 Nd5 43. Kh4 Nxb4 44. Kg5 Nc6 45. Kh6
Ne5 46. h3 Kb5 47. Kxh7 g5 48. Be7 Nf3 49. Bd8 Ng1 50. Bxg5
Nxh3 51. Bd8 Kc6 52. Kh6 Kd7 53. Bb6 Ke6 54. Be3 Ke5 55. Kh5
Ke4 56. Kh4 Kxe3 57. Kxh3 Kd4 58. g5 Kc5 59. g6 Kb5 60. g7
Kxa5 61. g8=Q b5 62. Kg3 Kb4 63. Qf8+ Ka4 64. Qf6 a5 65. Qa1+
Kb4 66. Kf3 a4 67. Ke3 Kb3 68. Kd3 b4 69. Qb1+ Ka3 70. Kc4 1-0

[Event "Reykjavik Open"]
[Site "Reykjavik ISL"]
[Date "2017.04.21"]
[EventDate "2017.04.19"]
[Round "4.62"]
[Result "1/2-1/2"]
[White "Orn Leo Johannsson"]
[Black "Elena Cherednichenko"]
[WhiteElo "2236"]
[BlackElo "2053"]
[PlyCount "60"]

1. g3 e5 2. Bg2 Nc6 3. d3 g6 4. c4 d6 5. Nc3 Bg7 6. Rb1 a5
7. a3 f5 8. Bd2 Nf6 9. b4 axb4 10. axb4 O-O 11. Nh3 h6 12. O-O
g5 13. f4 gxf4 14. gxf4 Ng4 15. Nd5 Ne7 16. Nf2 c6 17. Nxe7+
Qxe7 18. Nxg4 fxg4 19. e4 exf4 20. Bxf4 Bd4+ 21. Kh1 Kh7
22. Qd2 Qe6 23. e5 d5 24. cxd5 cxd5 25. Bxh6 Rxf1+ 26. Rxf1
Ra1 27. Rxa1 Bxa1 28. Be3 Bxe5 29. d4 Bd6 30. Bf2 Qf5 1/2-1/2

[Event "Reykjavik Open"]
[Site "Reykjavik ISL"]
[Date "2017.04.21"]
[EventDate "2017.04.19"]
[Round "4.63"]
[Result "0-1"]
[White "Peter Murray"]
[Black "Stefan Bergsson"]
[WhiteElo "2235"]
[BlackElo "2031"]
[PlyCount "94"]

1. d4 Nf6 2. c4 e6 3. Nc3 Bb4 4. Qc2 O-O 5. Nf3 c5 6. dxc5 Na6
7. Bd2 Nxc5 8. a3 Bxc3 9. Bxc3 d5 10. cxd5 Qxd5 11. Rd1 Qe4
12. Qxe4 Nfxe4 13. Bb4 a5 14. Bxc5 Nxc5 15. e3 Bd7 16. Be2 Bc6
17. O-O a4 18. Nd4 Bd5 19. f3 Rfc8 20. e4 Bb3 21. Rc1 Kf8
22. Kf2 Ke7 23. Rc3 g6 24. Rfc1 b6 25. Nxb3 axb3 26. Ke3 f5
27. Bd1 fxe4 28. fxe4 Ra4 29. Rc4 Rd8 30. Be2 Kf6 31. R1c3 Ra7
32. Rb4 Rd6 33. Bc4 Ke5 34. Bxb3 g5 35. Rb5 Kf6 36. a4 Nd7
37. Bc2 Ne5 38. h3 g4 39. b4 gxh3 40. gxh3 Rg7 41. Kf2 Rd2+
42. Ke3 Rh2 43. Kf4 Rf2+ 44. Ke3 Rf3+ 45. Kd4 Rd7+ 46. Rd5
Rxc3 47. Rxd7 Rc4+ 0-1

[Event "Reykjavik Open"]
[Site "Reykjavik ISL"]
[Date "2017.04.21"]
[EventDate "2017.04.19"]
[Round "4.64"]
[Result "1/2-1/2"]
[White "Timothy David Harding"]
[Black "Alan J Walton"]
[WhiteElo "2017"]
[BlackElo "2199"]
[PlyCount "100"]

1. e4 e6 2. d4 d5 3. Nc3 Nf6 4. e5 Nfd7 5. f4 c5 6. Nf3 Nc6
7. Be3 cxd4 8. Nxd4 Bc5 9. Qd2 a6 10. O-O-O O-O 11. Qf2 Qe7
12. Kb1 Nxd4 13. Bxd4 Bxd4 14. Qxd4 b5 15. Bd3 Rb8 16. Rde1 b4
17. Nd1 Qc5 18. Qxc5 Nxc5 19. Nf2 a5 20. Be2 f6 21. Bf3 fxe5
22. Rxe5 Rxf4 23. Rhe1 Bd7 24. Nd3 Nxd3 25. cxd3 b3 26. axb3
Rxb3 27. Rxd5 Rxf3 28. Rxd7 Rf2 29. Rxe6 Rbxb2+ 30. Kc1 Rbe2
31. Rxe2 Rxe2 32. g3 Rxh2 33. Ra7 Rg2 34. Rxa5 Rxg3 35. Kd2
Kf7 36. Re5 Kf6 37. d4 g5 38. Re1 h5 39. Ke2 h4 40. Rd1 Ke6
41. d5+ Kd6 42. Kf2 Rg4 43. Rd3 Rf4+ 44. Kg2 g4 45. Rd2 g3
46. Kh3 Rf1 47. Kxh4 Rf2 48. Rd1 g2 49. Rg1 Kxd5 50. Kg3 Rd2
1/2-1/2

[Event "Reykjavik Open"]
[Site "Reykjavik ISL"]
[Date "2017.04.21"]
[EventDate "2017.04.19"]
[Round "4.65"]
[Result "1/2-1/2"]
[White "Markus Kauch"]
[Black "Smari Olafsson"]
[WhiteElo "2193"]
[BlackElo "1998"]
[PlyCount "74"]

1. Nf3 d5 2. g3 Nf6 3. Bg2 e6 4. c4 Be7 5. O-O O-O 6. b3 b6
7. Bb2 Bb7 8. e3 c5 9. Nc3 Nbd7 10. Qe2 Ne4 11. cxd5 exd5
12. d3 Nxc3 13. Bxc3 Bf6 14. d4 Re8 15. Qb2 Rc8 16. Rfd1 c4
17. Nd2 cxb3 18. Qxb3 Nf8 19. a4 Qd6 20. Rdc1 g6 21. a5 Bd8
22. Bf1 Nd7 23. Bh3 f5 24. Bg2 Nf6 25. Bb4 Qd7 26. Rxc8 Qxc8
27. axb6 Bxb6 28. Qb2 Re6 29. Rc1 Rc6 30. Nb3 Rxc1+ 31. Nxc1
Ba6 32. Nb3 Bc4 33. Nc5 Ne4 34. Qa3 Kf7 35. h4 Qc7 36. Na4 Ba5
37. Nc5 Bb6 1/2-1/2

[Event "Reykjavik Open"]
[Site "Reykjavik ISL"]
[Date "2017.04.21"]
[EventDate "2017.04.19"]
[Round "4.67"]
[Result "1/2-1/2"]
[White "Vit Zemlicka"]
[Black "Jon Kristinsson"]
[WhiteElo "1984"]
[BlackElo "2166"]
[PlyCount "67"]

1. e4 e5 2. Nf3 Nc6 3. Bb5 a6 4. Ba4 Nf6 5. O-O Nxe4 6. d4 b5
7. Bb3 d5 8. dxe5 Be6 9. Nbd2 Nc5 10. c3 Be7 11. Bc2 d4
12. Ne4 d3 13. Nxc5 dxc2 14. Qxd8+ Rxd8 15. Nxe6 fxe6 16. Be3
Rd5 17. Rac1 Nxe5 18. Nxe5 Rxe5 19. Rxc2 Kf7 20. c4 c5 21. g3
Rc8 22. b3 h5 23. Rd1 Ke8 24. h4 Rd8 25. Rxd8+ Kxd8 26. Kg2
Kd7 27. Kf3 Kc6 28. Bf4 Rf5 29. Ke4 g5 30. hxg5 Bxg5 31. Bxg5
Rxg5 32. Kf4 Rf5+ 33. Ke4 Rg5 34. Kf4 1/2-1/2

[Event "Reykjavik Open"]
[Site "Reykjavik ISL"]
[Date "2017.04.21"]
[EventDate "2017.04.19"]
[Round "4.69"]
[Result "0-1"]
[White "Haraldur Haraldsson"]
[Black "Pouelsten Holm Grabow"]
[WhiteElo "1941"]
[BlackElo "2135"]
[PlyCount "100"]

1. Nf3 g6 2. g3 Bg7 3. Bg2 c5 4. c4 Nc6 5. Nc3 Nf6 6. O-O O-O
7. e4 e5 8. d3 d6 9. h3 h6 10. Rb1 Be6 11. a3 Qd7 12. Kh2 Ne8
13. Bd2 f5 14. Nh4 Qf7 15. f4 exf4 16. gxf4 Nd4 17. Ne2 Kh7
18. Nxd4 Bxd4 19. b3 Rb8 20. Nf3 Bg7 21. a4 b6 22. Qe2 Nc7
23. Rbe1 Rbe8 24. Qf2 Bd7 25. Re2 fxe4 26. dxe4 Ne6 27. Qh4
Qe7 28. Qg3 Nd4 29. Nxd4 Bxd4 30. Kh1 Rf7 31. Bf3 Rg8 32. Rg2
Qe8 33. Re2 Re7 34. Rfe1 a6 35. Be3 Bxe3 36. Rxe3 g5 37. fxg5
Rxg5 38. Qxd6 Reg7 39. e5 Qg8 40. Be4+ Bf5 41. Bxf5+ Rxf5
42. Qd3 Qe6 43. Rf3 Rg5 44. Rxf5 Rxf5 45. Qe4 Kh8 46. Qd5 Qe8
47. Re3 Qf8 48. Qd2 Rf2 49. Qd5 Rf1+ 50. Kh2 Qf4+ 0-1

[Event "Reykjavik Open"]
[Site "Reykjavik ISL"]
[Date "2017.04.21"]
[EventDate "2017.04.19"]
[Round "4.70"]
[Result "1/2-1/2"]
[White "Jukka Johansson"]
[Black "Jim Murray"]
[WhiteElo "2122"]
[BlackElo "1896"]
[PlyCount "64"]

1. d4 Nf6 2. c4 g6 3. Nc3 d5 4. Nf3 Bg7 5. g3 O-O 6. Bg2 c6
7. cxd5 cxd5 8. Ne5 b6 9. O-O Bb7 10. Bf4 Nc6 11. Qa4 Rc8
12. Nxc6 Bxc6 13. Qxa7 Nh5 14. Qa3 Nxf4 15. gxf4 Bxd4 16. Rfd1
Bf6 17. Bxd5 Qc7 18. e3 Rfd8 19. Qb3 e6 20. Bxc6 Qxc6 21. Qb5
Qf3 22. Qe2 Qxe2 23. Nxe2 Rxd1+ 24. Rxd1 Rc2 25. Kf1 Rxb2
26. Rd6 Rb1+ 27. Kg2 Rb2 28. Kf3 Rxa2 29. Rxb6 Rd2 30. Ng3 Rd7
31. Ne4 Kg7 32. Nd6 Be7 1/2-1/2

[Event "Reykjavik Open"]
[Site "Reykjavik ISL"]
[Date "2017.04.21"]
[EventDate "2017.04.19"]
[Round "4.71"]
[Result "1/2-1/2"]
[White "Martin Bottema"]
[Black "Nansy Davidsdottir"]
[WhiteElo "2114"]
[BlackElo "1864"]
[PlyCount "79"]

1. d4 d5 2. c4 e6 3. Nc3 Nf6 4. cxd5 exd5 5. Bg5 c6 6. e3 Be7
7. Qc2 Be6 8. Bd3 Nbd7 9. Nge2 h6 10. Bh4 Nb6 11. O-O O-O
12. f3 c5 13. dxc5 Bxc5 14. Nd4 Rc8 15. Rac1 Bxd4 16. exd4 Nc4
17. Bf2 Qd6 18. b3 Na5 19. Qd2 Nc6 20. Ne2 Nb4 21. Bb1 Bd7
22. a3 Nc6 23. b4 Ne7 24. Ng3 Rxc1 25. Rxc1 Rc8 26. Rxc8+ Nxc8
27. Ne2 Nb6 28. Bg3 Qc6 29. Qd3 Qc4 30. Nc3 Qc6 31. Be5 g6
32. b5 Qe6 33. Ba2 Ne8 34. a4 Nd6 35. a5 Nbc4 36. Bxd6 Qe1+
37. Qf1 Qxc3 38. Bc5 b6 39. axb6 axb6 40. Bxc4 1/2-1/2

[Event "Reykjavik Open"]
[Site "Reykjavik ISL"]
[Date "2017.04.21"]
[EventDate "2017.04.19"]
[Round "4.73"]
[Result "1-0"]
[White "Gopakumar Siddharth"]
[Black "Gauti Pall Jonsson"]
[WhiteElo "1826"]
[BlackElo "2087"]
[PlyCount "89"]

1. e4 e6 2. d3 c5 3. Nf3 Nc6 4. g3 g6 5. Bg2 Bg7 6. O-O Nge7
7. c3 d5 8. Re1 dxe4 9. dxe4 Qc7 10. Be3 b6 11. Na3 a6 12. Nc4
O-O 13. a4 e5 14. a5 Nxa5 15. Nxa5 bxa5 16. Qa4 Bb7 17. Nd2
Rac8 18. Qxa5 f5 19. Nb3 c4 20. Qxc7 Rxc7 21. Nc5 f4 22. gxf4
exf4 23. Bd4 Bxd4 24. cxd4 Rxc5 25. dxc5 f3 26. Bf1 Rf4
27. Bxc4+ Kg7 28. Be6 Kf6 29. Bd7 Ke5 30. Rad1 Rf6 31. Re3 g5
32. Bg4 Ng6 33. Bxf3 Nh4 34. Bg2 g4 35. Rd6 Rg6 36. Rxg6 Nxg6
37. Rb3 Bc8 38. Rb6 Nf4 39. f3 h5 40. fxg4 hxg4 41. Bf1 Kxe4
42. Bxa6 Bf5 43. Rb4+ Ke3 44. Rxf4 Kxf4 45. c6 1-0

[Event "Reykjavik Open"]
[Site "Reykjavik ISL"]
[Date "2017.04.21"]
[EventDate "2017.04.19"]
[Round "4.82"]
[Result "1-0"]
[White "Hrannar Arnarsson"]
[Black "Rob Tijssens"]
[WhiteElo "2046"]
[BlackElo "1799"]
[PlyCount "97"]

1. e4 c5 2. Nf3 d6 3. d4 cxd4 4. Nxd4 Nf6 5. Nc3 a6 6. g3 g6
7. Bg2 Bg7 8. O-O O-O 9. Re1 e5 10. Nde2 Be6 11. h3 Qc7
12. Be3 b5 13. Qd2 Nc6 14. a4 b4 15. Nd5 Bxd5 16. exd5 Ne7
17. a5 Rac8 18. Rec1 Qc4 19. b3 Qb5 20. Rd1 Nexd5 21. Bxd5
Nxd5 22. Qxd5 Qxe2 23. Rd2 Qh5 24. Kg2 Qf5 25. g4 Qd7 26. Ra4
Rc6 27. Rxb4 Rfc8 28. c4 Qe7 29. Rb6 Qe8 30. Rb7 Bf8 31. Bb6
Ra8 32. Rxf7 Qxf7 33. Qxc6 Re8 34. Be3 e4 35. Qd5 Re6 36. f4
exf3+ 37. Qxf3 Qe8 38. Bf4 Kg7 39. Rf2 Rf6 40. Bh6+ Kg8
41. Qxf6 Bxh6 42. Qxd6 Qe4+ 43. Kh2 Qe8 44. c5 Bg7 45. Qd5+
Kh8 46. c6 h6 47. Kg2 Qe7 48. Rc2 Be5 49. Re2 1-0

[Event "Reykjavik Open"]
[Site "Reykjavik ISL"]
[Date "2017.04.21"]
[EventDate "2017.04.19"]
[Round "4.85"]
[Result "1-0"]
[White "Gudlaug Thorsteinsdottir"]
[Black "Magnus Kristinsson"]
[WhiteElo "2013"]
[BlackElo "1783"]
[PlyCount "89"]

1. d4 Nf6 2. c4 g6 3. Nc3 d5 4. cxd5 Nxd5 5. e4 Nxc3 6. bxc3
Bg7 7. Bc4 c5 8. Ne2 O-O 9. O-O Nc6 10. Be3 cxd4 11. cxd4 Na5
12. Bd3 b6 13. Rc1 Bg4 14. f3 Bd7 15. Qd2 Rc8 16. f4 e6
17. Ng3 Rxc1 18. Rxc1 Bc6 19. Be2 Qd6 20. Bf3 Rd8 21. e5 Qd7
22. Bxc6 Nxc6 23. Re1 Ne7 24. Ne4 Nd5 25. Bf2 Rc8 26. Rc1 Rc6
27. Bh4 Qc7 28. Rxc6 Qxc6 29. h3 h5 30. Bg5 Qc4 31. Kh2 Nb4
32. Nd6 Qxa2 33. Qxb4 Qf2 34. Ne4 Qe3 35. Ng3 Bf8 36. Qc4 a5
37. d5 exd5 38. Qxd5 a4 39. Qa8 Qa3 40. Ne4 Qb4 41. Nd6 Qa5
42. Qb8 Kg7 43. Bh6+ Kxh6 44. Qxf8+ Kh7 45. Ne8 1-0

[Event "Reykjavik Open"]
[Site "Reykjavik ISL"]
[Date "2017.04.21"]
[EventDate "2017.04.19"]
[Round "4.93"]
[Result "1/2-1/2"]
[White "Heidrikur Tindskar Jacobsen"]
[Black "Fridgeir K Holm"]
[WhiteElo "1951"]
[BlackElo "1726"]
[PlyCount "130"]

1. e4 e5 2. Nc3 Nc6 3. f4 exf4 4. Nf3 d6 5. d4 g5 6. h4 g4
7. Ng1 Bg7 8. d5 Bxc3+ 9. bxc3 Ne5 10. Bxf4 h5 11. Qd4 f6
12. Bb5+ Bd7 13. Qb4 b6 14. Ne2 Bxb5 15. Qxb5+ Qd7 16. Nd4
Qxb5 17. Nxb5 Kd7 18. O-O Ne7 19. Bxe5 fxe5 20. Rf7 a6 21. Na3
Raf8 22. Raf1 Rxf7 23. Rxf7 Ke8 24. Rf6 Ng8 25. Rf5 Rh6
26. Kf2 Rf6 27. Rxf6 Nxf6 28. Ke3 b5 29. c4 b4 30. Nb1 Kd7
31. Nd2 Kc8 32. Nb3 Nd7 33. Na5 Nb8 34. Kd3 c5 35. dxc6 Kc7
36. c3 bxc3 37. Kxc3 Nxc6 38. Nb3 Ne7 39. Nd2 Ng6 40. g3 Kc6
41. Nf1 Kc5 42. Ne3 a5 43. Nd5 Kc6 44. Nf6 Nxh4 45. Nxh5 Ng2
46. Kd2 Kc5 47. Nf6 Kxc4 48. Nxg4 Kd4 49. Ke2 Kxe4 50. Kf2 Nf4
51. gxf4 Kxf4 52. Ne3 a4 53. Nd5+ Ke4 54. Nc3+ Kd3 55. Nxa4
Kc4 56. Nb2+ Kb4 57. Nd3+ Ka3 58. Nc1 d5 59. Ke3 Ka4 60. Kd3
Ka3 61. Kc3 e4 62. Kd4 Kb2 63. Kxd5 e3 64. Kd4 e2 65. Nxe2
Kxa2 1/2-1/2

[Event "Reykjavik Open"]
[Site "Reykjavik ISL"]
[Date "2017.04.21"]
[EventDate "2017.04.19"]
[Round "4.94"]
[Result "1/2-1/2"]
[White "Oskar Long Einarsson"]
[Black "Peter J Mulleady"]
[WhiteElo "1681"]
[BlackElo "1949"]
[PlyCount "81"]

1. e4 Nf6 2. e5 Nd5 3. d4 d6 4. Nf3 dxe5 5. Nxe5 c6 6. c4 Nb6
7. Nc3 N8d7 8. Nf3 g6 9. Be2 Bg7 10. O-O O-O 11. Be3 Nf6
12. h3 Bf5 13. Rc1 Ne4 14. Nxe4 Bxe4 15. Qd2 Re8 16. Rfd1 Bxf3
17. Bxf3 e6 18. Qb4 Qe7 19. Qb3 Rad8 20. a4 e5 21. dxe5 Qxe5
22. Rxd8 Rxd8 23. Bxb6 axb6 24. Qxb6 Rd7 25. b4 Qb2 26. Rf1
Bd4 27. c5 Kg7 28. b5 cxb5 29. axb5 Qc2 30. Bxb7 Bxc5 31. Qc6
Rd2 32. Qf3 Qa2 33. Bc6 Bb6 34. Be8 Kf8 35. Bc6 Kg7 36. Qf4
Bd4 37. Be8 f6 38. Bc6 Bb6 39. Qf3 Bc5 40. Be8 Qa7 41. Bc6
1/2-1/2

[Event "Reykjavik Open"]
[Site "Reykjavik ISL"]
[Date "2017.04.21"]
[EventDate "2017.04.19"]
[Round "4.96"]
[Result "1/2-1/2"]
[White "Kilian Le Creurer"]
[Black "Jon Thor Lemery"]
[WhiteElo "1942"]
[BlackElo "1708"]
[PlyCount "128"]

1. e4 e5 2. Nf3 Nc6 3. d4 exd4 4. Bc4 Nf6 5. e5 d5 6. Bb5 Ne4
7. Nxd4 Bd7 8. Bxc6 bxc6 9. O-O Bc5 10. Be3 O-O 11. f3 Ng5
12. f4 Ne4 13. Nd2 f5 14. Nxe4 fxe4 15. Qe2 a5 16. Nb3 Bxe3+
17. Qxe3 a4 18. Nc5 Qe7 19. b4 Rfb8 20. a3 Rf8 21. h3 Bc8
22. g4 Ba6 23. Rf2 Bc8 24. Qc3 Re8 25. Rd1 Kh8 26. Qd4 Qh4
27. Kg2 h5 28. Rh1 Kg8 29. gxh5 Qxh5 30. c4 Qf7 31. Kf1 Be6
32. Nxe6 Qxe6 33. c5 Rf8 34. Ke2 Qh6 35. Qe3 Rad8 36. Rg1 Rf7
37. Rg4 Qe6 38. Rg3 Qf5 39. Rg5 Qe6 40. Ke1 Rf5 41. Rg4 Rf7
42. Rfg2 Re8 43. Rg6 Qd7 44. R2g4 Re6 45. R6g5 Qe7 46. Rh4 Rf5
47. Rhh5 Rxg5 48. Rxg5 Rh6 49. Kd2 Qe6 50. Qg3 Rxh3 51. Rxg7+
Kf8 52. Rg8+ Qxg8 53. Qxh3 Qg1 54. Qc8+ Ke7 55. Qxc7+ Ke8
56. Qxc6+ Ke7 57. Qxd5 Qf2+ 58. Kd1 Qf3+ 59. Kc2 Qe2+ 60. Kc1
Qe3+ 61. Qd2 Qxa3+ 62. Kd1 Qb3+ 63. Ke1 a3 64. Qd6+ Ke8
1/2-1/2

[Event "Reykjavik Open"]
[Site "Reykjavik ISL"]
[Date "2017.04.21"]
[EventDate "2017.04.19"]
[Round "4.100"]
[Result "1-0"]
[White "Margarita Baliuniene"]
[Black "Karl Egill Steingrimsson"]
[WhiteElo "1897"]
[BlackElo "1664"]
[PlyCount "93"]

1. d4 Nf6 2. Nf3 d5 3. c4 e6 4. e3 b6 5. cxd5 exd5 6. Nc3 Be7
7. Bb5+ c6 8. Bd3 O-O 9. O-O c5 10. b3 h6 11. Bb2 Nc6 12. dxc5
bxc5 13. Rc1 Nb4 14. Bb1 Bg4 15. h3 Bh5 16. a3 Nc6 17. Na4 Na5
18. Nxc5 Bxf3 19. Qxf3 Bxc5 20. Rxc5 Nxb3 21. Bxf6 Qxf6
22. Qxf6 gxf6 23. Rxd5 Rac8 24. Rfd1 Rc7 25. Kh2 Kg7 26. Rb5
Rc3 27. Rd7 a6 28. Rb6 a5 29. Ra7 Nd2 30. Rxa5 Nf1+ 31. Kg1
Rc1 32. Bd3 Nxe3+ 33. Kh2 Nd1 34. Rf5 Rd8 35. Be2 Nc3 36. Bf3
Nd1 37. Bh5 Rd2 38. Rbxf6 Rc7 39. Rxf7+ Rxf7 40. Rxf7+ Kg8
41. Rf6 Kg7 42. Rf4 Nxf2 43. a4 Ra2 44. Bf7 Rb2 45. a5 Nd3
46. Rf5 Ne1 47. Bd5 1-0

[Event "Reykjavik Open"]
[Site "Reykjavik ISL"]
[Date "2017.04.21"]
[EventDate "2017.04.19"]
[Round "4.103"]
[Result "1/2-1/2"]
[White "Dustin Tennessee Opasiak"]
[Black "Heimir Pall Ragnarsson"]
[WhiteElo "1885"]
[BlackElo "1608"]
[PlyCount "60"]

1. e4 Nf6 2. Nc3 d5 3. exd5 Nxd5 4. Nxd5 Qxd5 5. d4 g6 6. c3
Bg7 7. Qf3 Qxf3 8. Nxf3 O-O 9. Bf4 c6 10. Bc4 Bf5 11. O-O Nd7
12. Rfe1 Rfe8 13. Ne5 Nxe5 14. Bxe5 Rad8 15. f3 Bxe5 16. Rxe5
b5 17. Bb3 Bc8 18. Rae1 e6 19. a4 a6 20. Kf2 Kf8 21. g4 Ke7
22. h4 Kd6 23. g5 Bd7 24. axb5 axb5 25. Ra1 Ra8 26. Ree1 Reb8
27. Ke3 Bc8 28. Kf4 Bb7 29. Rxa8 Rxa8 30. h5 Rc8 1/2-1/2

[Event "Reykjavik Open"]
[Site "Reykjavik ISL"]
[Date "2017.04.21"]
[EventDate "2017.04.19"]
[Round "4.104"]
[Result "1/2-1/2"]
[White "Birkir Isak Johannsson"]
[Black "Hilmar Thorsteinsson"]
[WhiteElo "1567"]
[BlackElo "1875"]
[PlyCount "69"]

1. d4 d5 2. c4 e6 3. Nc3 c6 4. e3 Nf6 5. Nf3 Nbd7 6. Qc2 Be7
7. b3 O-O 8. Bd3 Qc7 9. Bb2 a6 10. O-O b5 11. Ne2 bxc4
12. bxc4 c5 13. cxd5 exd5 14. dxc5 Qxc5 15. Ned4 Qxc2 16. Bxc2
Ne4 17. Rfc1 Ndc5 18. Ba3 Re8 19. Bxe4 Nxe4 20. Bxe7 Rxe7
21. h3 Nd6 22. Rc5 Bb7 23. Rb1 Nc4 24. Ne1 g6 25. Nd3 Kg7
26. Nb2 Rc8 27. Rxc8 Bxc8 28. Nd3 Be6 29. Nc5 a5 30. Rb5 Kf6
31. Nc6 Rc7 32. Nxe6 Rxc6 33. Nd4 Rd6 34. Kf1 Ke5 35. Ke2
1/2-1/2

[Event "Reykjavik Open"]
[Site "Reykjavik ISL"]
[Date "2017.04.21"]
[EventDate "2017.04.19"]
[Round "4.106"]
[Result "1-0"]
[White "Arnar Heidarsson"]
[Black "Anthony Boron"]
[WhiteElo "1391"]
[BlackElo "1865"]
[PlyCount "119"]

1. d4 c5 2. e3 cxd4 3. exd4 d5 4. Bf4 Nf6 5. c3 Nc6 6. h3 e6
7. Nf3 Bd6 8. Bxd6 Qxd6 9. Bd3 a6 10. b4 Bd7 11. Nbd2 Nh5
12. O-O Nf4 13. Qc2 Nxd3 14. Qxd3 Ne7 15. a4 a5 16. b5 Ng6
17. g3 O-O 18. Kg2 Rac8 19. Rh1 e5 20. dxe5 Nxe5 21. Nxe5 Qxe5
22. Nf3 Qe4 23. Rhd1 Bf5 24. Qxe4 Bxe4 25. Ra3 Rc4 26. Re1
Rfc8 27. Re3 Bc2 28. Nd4 Bg6 29. Re7 R4c7 30. Re3 Kf8 31. Kf1
Re7 32. Ke2 Rce8 33. Rxe7 Rxe7+ 34. Kd2 h6 35. b6 Be4 36. Rb3
Bg2 37. Rb5 Rd7 38. h4 Bf1 39. Rxa5 Ba6 40. Rc5 g6 41. Nb5
Bxb5 42. Rxb5 Ke7 43. Kd3 Kd6 44. Kd4 Ke6 45. a5 Rd8 46. Rc5
Ra8 47. Rxd5 Rc8 48. c4 Ra8 49. Rc5 Rd8+ 50. Ke3 Ra8 51. Rc7
Rxa5 52. Rxb7 Ra3+ 53. Ke2 f5 54. Rc7 Rb3 55. c5 Kd5 56. b7
Ke4 57. c6 Rb2+ 58. Kd1 Kd3 59. Rd7+ Kc3 60. Rc7 1-0